The effect of Covid-19 pandemic on academic performance of grade 12 learners in chemistry: a case of selected secondary schools in Mufulira district (Record no. 84037)

MARC details
000 -LEADER
fixed length control field 00950 a2200265 4500
003 - CONTROL NUMBER IDENTIFIER
control field CBULib
005 - DATE AND TIME OF LATEST TRANSACTION
control field 20240129090121.0
008 - FIXED-LENGTH DATA ELEMENTS--GENERAL INFORMATION
fixed length control field 240116b |||||||| |||| 00| 0 eng d
040 ## - CATALOGING SOURCE
Transcribing agency CBULib
Original cataloging agency CBULib
Language of cataloging English
Description conventions rda
041 ## - LANGUAGE CODE
Language code of text/sound track or separate title eng
050 ## - LIBRARY OF CONGRESS CALL NUMBER
Classification number CBU-PG THESIS/MUB
100 ## - MAIN ENTRY--PERSONAL NAME
Personal name Mubanga, Catherine
9 (RLIN) 2232
245 ## - TITLE STATEMENT
Title The effect of Covid-19 pandemic on academic performance of grade 12 learners in chemistry: a case of selected secondary schools in Mufulira district
Statement of responsibility, etc / by Catherine Mubanga
260 ## - PUBLICATION, DISTRIBUTION, ETC. (IMPRINT)
Date of publication, distribution, etc 2022,
Place of publication, distribution, etc Kitwe:
Name of publisher, distributor, etc Copperbelt University,
300 ## - PHYSICAL DESCRIPTION
Extent xiv, 123 pages : illustrations
336 ## - CONTENT TYPE
Source rdacontent
Content type term Text |
Content type code txt
337 ## - MEDIA TYPE
Source rdamedia
Media type term Unmediated |
Media type code n
338 ## - CARRIER TYPE
Source rdacarrier
Carrier type term Volume
Carrier type code nc
500 ## - GENERAL NOTE
General note includes bibliographical references and appendices
650 #0 - SUBJECT ADDED ENTRY--TOPICAL TERM
9 (RLIN) 1680
Topical term or geographic name as entry element COVID-19
650 #0 - SUBJECT ADDED ENTRY--TOPICAL TERM
9 (RLIN) 1963
Topical term or geographic name as entry element ACADEMIC PERFORMANCE
650 #0 - SUBJECT ADDED ENTRY--TOPICAL TERM
9 (RLIN) 2234
Topical term or geographic name as entry element CHEMISTRY
650 #0 - SUBJECT ADDED ENTRY--TOPICAL TERM
9 (RLIN) 2235
Topical term or geographic name as entry element MUFULIRA DISTRICT
942 ## - ADDED ENTRY ELEMENTS (KOHA)
Source of classification or shelving scheme
Koha item type UNIVERSITY COLLECTION
Holdings
Withdrawn status Lost status Source of classification or shelving scheme Damaged status Not for loan Collection code Permanent Location Current Location Shelving location Date acquired Source of acquisition Full call number Barcode Date last seen Copy number Price effective from Koha item type
          Special Collections CBU-MAIN LIBRARY, KITWE. CBU-MAIN LIBRARY, KITWE. Special Collections 01/18/2024 DEP-CBU CBU-PG THESIS/MUB B84037 01/18/2024 1 01/18/2024 UNIVERSITY COLLECTION